01174cam a22003494i 4500003000900000005001700009008004100026020001500067035002700082040003300109082002100142100002500163245004300188264005300231300003800284336002100322337002500343338002300368505030800391526001000699526001000709526001000719526001000729526000800739526000800747526000800755526000800763526000800771526000800779526000800787630002900795PE-LiUPU20250731173553.0150616s r 000 0 d a0198263880 a(Sirsi) i9780198263883 aPE-LiUPUbspacPE-LiUPUerda04a230.225bC162211 aCaird, G.B.,eautor.10aNew Testament Theology /cG. B. Caird. 1aNew York :bOxford University Press Inc.,c1995. a498 páginas ;c22 centímetros atext2rdacontent aunmediated2rdamedia avolume2rdacarrier0 aIntroduction: the apostolic conference.- The divine plan.- The need of salvation.- The three tenses of salvation.- The fact of salvation.- The fact of salvation.- The experience of salvation.- The hope of salvation.- The bringer of salvation.- The theology of Jesus.- Summary and conclusions.- Epilogue. aSEG42 aSEG41 aSEG40 aSEG39 aP94 aP87 aP86 aP85 aP77 aP76 aP35 aBiblia.pN.T.xTEOLOGIA.